=LDR 00000nam 2200000 4500 =001 INLIS000000000031371 =005 20130612133441 =008 ***********************************Ind** =035 ##$$0010-061300000031371 =041 ##$$a Ind =082 ##$$a 899.285 =090 ##$$a 899.285, Sas s =100 ##$$a Lalu Fakihuddin =245 ##$$a Sastra lisan ekagi, Lalu Fakihuddin...[ at.al. ] =260 ##$$a 1998 $b Jakarta =300 ##$$a x, 226 hlm, 21 cm =650 ##$$a Sastra Lisan Ekagi =850 ##$$a NBPNMAT